Out of Oz (Record no. 276847)
[ view plain ]
| 000 -LEADER | |
|---|---|
| fixed length control field | 01759nim a22003375 4500 |
| 005 - DATE AND TIME OF LATEST TRANSACTION | |
| control field | 20200320185653.0 |
| 007 - PHYSICAL DESCRIPTION FIXED FIELD--GENERAL INFORMATION | |
| fixed length control field | sd fungnnmmned |
| 008 - FIXED-LENGTH DATA ELEMENTS--GENERAL INFORMATION | |
| fixed length control field | 111003s2011 nyu e eng |
| 020 ## - INTERNATIONAL STANDARD BOOK NUMBER | |
| International Standard Book Number | 9780062093660 : CMD: |
| Terms of availability | $59.99 |
| 040 ## - CATALOGING SOURCE | |
| Original cataloging agency | MM LLC |
| Transcribing agency | MM LLC |
| 082 00 - DEWEY DECIMAL CLASSIFICATION NUMBER | |
| Classification number | 813/.54 |
| Edition number | 23 |
| 100 1# - MAIN ENTRY--PERSONAL NAME | |
| Personal name | MacGuire, Gregory. |
| 9 (RLIN) | 5868657 |
| 245 10 - TITLE STATEMENT | |
| Title | Out of Oz |
| Medium | [sound recording] : |
| Remainder of title | the final volume in the Wicked Years l/ |
| Statement of responsibility, etc | Gregory MacGuire. |
| 250 ## - EDITION STATEMENT | |
| Edition statement | Unabr. ed. |
| 260 ## - PUBLICATION, DISTRIBUTION, ETC. (IMPRINT) | |
| Place of publication, distribution, etc | New York, NY: |
| Name of publisher, distributor, etc | HarperAudio, |
| Date of publication, distribution, etc | p2011. |
| 300 ## - PHYSICAL DESCRIPTION | |
| Extent | 10 sound discs (ca. 12 hr.): |
| Other physical details | digital; |
| Dimensions | 4 3/4 in. |
| 490 0# - SERIES STATEMENT | |
| Series statement | The Wicked Years; |
| Volume number/sequential designation | v.4. |
| 506 ## - RESTRICTIONS ON ACCESS NOTE | |
| Terms governing access | 1111 |
| 511 0# - PARTICIPANT OR PERFORMER NOTE | |
| Participant or performer note | Read by John Mcdonough. |
| 520 ## - SUMMARY, ETC. | |
| Summary, etc | Once peaceful and prosperous, the spectacular Land of Oz is knotted with social unrest: The Emerald City is mounting an invasion of Munchkinland, Glinda is under house arrest, and the Cowardly Lion is on the run from the law. And look who's knocking at the door. It's none other than Dorothy. Yes. That Dorothy. Yet amid all this chaos, Elphaba's granddaughter, the tiny green baby born at the close of Son of a Witch, has come of age. Now it is up to Rain to take up her broom, and her legacy, in an Oz wracked by war. |
| 538 ## - SYSTEM DETAILS NOTE | |
| System details note | Compact disc. |
| 650 #4 - SUBJECT ADDED ENTRY--TOPICAL TERM | |
| Topical term or geographic name as entry element | Witches |
| Form subdivision | Fiction. |
| 9 (RLIN) | 5673734 |
| 651 #0 - SUBJECT ADDED ENTRY--GEOGRAPHIC NAME | |
| Geographic name | Land of Oz (Fictitious place) |
| Form subdivision | Fiction. |
| 9 (RLIN) | 5868658 |
| 655 #4 - INDEX TERM--GENRE/FORM | |
| Genre/form data or focus term | Audiobooks. |
| 9 (RLIN) | 5868659 |
| 700 1# - ADDED ENTRY--PERSONAL NAME | |
| Personal name | McDonough, John. |
| Relator code | nrt |
| 9 (RLIN) | 28444 |
| 710 2# - ADDED ENTRY--CORPORATE NAME | |
| Corporate name or jurisdiction name as entry element | HarperAudio (Firm) |
| 9 (RLIN) | 5868660 |
| 800 1# - SERIES ADDED ENTRY--PERSONAL NAME | |
| Personal name | MacGuire, Gregory. |
| Title of a work | The Wicked Years; |
| Volume/sequential designation | v. 4. |
| 9 (RLIN) | 5868661 |
| 942 ## - ADDED ENTRY ELEMENTS (KOHA) | |
| Koha item type | CD |
| 948 ## - LOCAL PROCESSING INFORMATION (OCLC); SERIES PART DESIGNATOR (RLIN) | |
| Series part designator, SPT (RLIN) | 01/06/2012 |
| b (OCLC) | 01/13/2012 |
| z (OCLC) | Sirsi |
| 996 ## - | |
| -- | 88007 |
| -- | 34301001057142 |
| -- | CD |
| -- | CD |
| -- | wcl |
| -- | i |
| -- | 25 |
| -- | 59.99 |
| -- | .CIRCNOTE. 23 discs |
| -- | .PUBLIC. 23 discs |
| -- | micro |
| -- | Mag |
| -- | 01/06/2012 |
| -- | 01/30/2020 |
| -- | 01/03/2020 |
| Withdrawn status | Lost status | Source of classification or shelving scheme | Materials specified (bound volume or other part) | Damaged status | Not for loan | Collection code | Home library | Current library | Shelving location | Date acquired | Source of acquisition | Cost, normal purchase price | Total Checkouts | Full call number | Barcode | Date last seen | Date checked out | Cost, replacement price | Price effective from | Koha item type | Public note |
|---|---|---|---|---|---|---|---|---|---|---|---|---|---|---|---|---|---|---|---|---|---|
| Dewey Decimal Classification | .CIRCNOTE. 23 discs | Audiobooks | Wasatch County Library | Wasatch County Library | Second Floor | 01/06/2012 | 59.99 | 26 | CD Mag | 34301001057142 | 03/07/2024 | 05/08/2021 | 59.99 | 03/20/2020 | Audiobook on CD | .PUBLIC. 23 discs |
